| 000 | 00732nam a2200241 a 4500 | ||
|---|---|---|---|
| 001 | 60031 | ||
| 003 | BD-RjUL | ||
| 005 | 20211209080810.0 | ||
| 008 | 161229r19721969njua 001 0 eng | ||
| 020 | _a0137095686 | ||
| 035 | _a(BD-RjUL)60155 | ||
| 040 |
_aDLC _cDLC _dBD-RjUL _beng |
||
| 041 | _aeng | ||
| 082 | 0 | 0 |
_a658.4034 _223 _bWAP 1972 |
| 100 | 1 | 0 |
_aWagner, Harvey M _9178629 |
| 245 | 1 | 0 |
_aPrinciples of operations research : _cHarvey M. Wagner _bwith applications to managerial decisions / |
| 260 |
_aLondon : _bPretice hall international, Inc., _cc1972 |
||
| 300 |
_a937 p. : _bill. ; _c25 cm. |
||
| 500 | _aIncludes index. | ||
| 650 |
_aOperation research _9178630 |
||
| 650 |
_aManagement _9172842 |
||
| 942 |
_2ddc _cBK |
||
| 999 |
_c60031 _d60031 |
||